LEADER 01084nlm 2200253Ia 450 001 996536471903316 005 20230704094153.0 100 $a19840411d1658---- uy | 101 0 $aeng 102 $aUK 135 $adrcnu 200 1 $aSome of the principles of the Quakers (scornfully so called by men) vindicated and proved sound and true and according to the Scriptures$ein oposition to the false charges and lying reports given forth against the truth in two printed books put forth by one Philip Taverner, a supposed minister of the Gospel in Middlesex near Vxbridge ...$fby Edw. Burrough 210 1 $aLondon$c[s.n]$d1658 215 $aTesto elettronico (PDF) (23 p.) 230 $aBase dati testuale 606 0 $aQuaccheri$2BNCF 676 $a289.6 700 1$aBURROUGH,$bEdward$f1634-1662.$01001305 801 0$aIT$bcba$cREICAT 912 $a996536471903316 959 $aEB 969 $aER 996 $aSome of the principles of the Quakers (scornfully so called by men) vindicated and proved sound and true and according to the Scriptures$93393361 997 $aUNISA